000 00589nam a2200241Ia 4500
003 OSt
005 20220924144508.0
006 a|||||r|||| 00| 0
007 ta
008 220923b |||||||| |||| 00| 0 urd d
020 _c15.00
024 _a315008
037 _cTextual
040 _aARTS
_cARTS
_burd
041 _2urd
_aurd
082 _aO168,1N253x, M0
100 _aShahab Ashraf
_9217728
245 0 _aPardah-e-saaz
260 _c1980
650 _aURDU POETRY
942 _hO168,1N253x, M0
_cTEXL
_2CC
999 _c457240
_d457240